00710nam a22001817a 4500003000900000008004100009040007100050082001500121100001900136245005800155260003300213300002800246440002100274505016900295650001700464650001700481650003000498AR-CdUCM190430b           ||||| |||| 00| 0 spa d  aMUNICIPALIDAD PROVINCIAL DEL CUSCOcBIBLIOTECA MUNICIPAL DEL CUSCO  a146 /bC70  aSpirkin, A. G.  aMaterialismo dialéctico y lógica dialéctica /    aMéxico :bGrijalbo,c1969.  a158 páginas ;c19 cm.  aColección n70  aContenido : Objeto del materialismo dialéctico -- aparición del materialismo dialéctico -- materia y conciencia -- categorías y leyes de la dialéctica ...  aDialéctica  aMaterialismo  aMaterialismo dialéctico